[Event "Quebec op"]
[Site "Montreal CAN"]
[Date "2012.07.22"]
[Round "2"]
[White "Hebert, Jean"]
[Black "Tomb, Maroun"]
[Result "1-0"]
[WhiteElo "2436"]
[BlackElo "2087"]
[PlyCount "77"]
[GameId "2160767909441943"]
[EventDate "2012.07.21"]
[EventType "swiss"]
[EventRounds "9"]
[EventCountry "CAN"]
[SourceTitle "EXT 2022"]
[Source "ChessBase"]
[SourceDate "2021.10.06"]
[SourceVersion "1"]
[SourceVersionDate "2021.10.06"]
[SourceQuality "1"]

1. d4 c5 2. d5 e5 3. e4 d6 4. Nc3 a6 5. a4 Be7 6. Nf3 Bg4 7. a5 Nd7 8. g3 Bxf3 9. Qxf3 Bg5 10. Bxg5 Qxg5 11. h4 Qe7 12. h5 Nh6 13. Bh3 O-O 14. Kf1 Rab8 15. Kg2 b5 16. axb6 Rxb6 17. Rhb1 Rfb8 18. b3 Nf6 19. Ra4 Ne8 20. Nd1 Nc7 21. Ne3 g6 22. Nc4 Rb4 23. Rxb4 Rxb4 24. Na5 Qg5 25. hxg6 hxg6 26. Nc4 Qd8 27. Qe3 Kg7 28. f4 f6 29. Rh1 Nb5 30. fxe5 fxe5 31. Be6 g5 32. Rh5 Kg6 33. g4 Nd4 34. Qh3 Qf8 35. Bf5+ Ndxf5 36. gxf5+ Kh7 37. Rxg5 Rb7 38. Rg6 Rd7 39. Ne3 1-0

[Event "Quebec op"]
[Site "Montreal CAN"]
[Date "2012.07.22"]
[Round "2"]
[White "Humphreys, Michael"]
[Black "Panjwani, Raja"]
[Result "0-1"]
[WhiteElo "2179"]
[BlackElo "2392"]
[PlyCount "120"]
[GameId "2160767909441944"]
[EventDate "2012.07.21"]
[EventType "swiss"]
[EventRounds "9"]
[EventCountry "CAN"]
[SourceTitle "CBM 149 Extra"]
[Source "ChessBase"]
[SourceDate "2012.08.24"]
[SourceVersion "1"]
[SourceVersionDate "2012.08.24"]
[SourceQuality "1"]

1. Nf3 c5 2. c4 Nf6 3. Nc3 e6 4. g3 Be7 5. Bg2 O-O 6. O-O a6 7. b3 Qc7 8. Bb2 d6 9. d4 cxd4 10. Nxd4 Nbd7 11. Rc1 Re8 12. e3 Ne5 13. f4 Ng6 14. Kh1 Bd7 15. h3 h6 16. Nf3 Rac8 17. g4 Nh7 18. f5 Ngf8 19. Nd4 Rb8 20. Qf3 Bf6 21. Qf2 Qd8 22. fxe6 fxe6 23. Ne4 Be5 24. Nxd6 Re7 25. c5 Qc7 26. N4b5 Bxb5 27. Bxe5 Bxf1 28. Rxf1 Qxc5 29. Nc4 Rd8 30. Bd4 Qg5 31. Ne5 Rxd4 32. exd4 Ng6 33. Qc2 Ngf8 34. Qc8 Nf6 35. Kh2 Qe3 36. Qc5 Re8 37. Bxb7 Rd8 38. Nf3 Ng6 39. Qc1 Qe2+ 40. Kg1 Qxa2 41. Qe3 Rd6 42. Bc8 Nf8 43. g5 hxg5 44. Nxg5 Rb6 45. d5 Qxb3 46. Qxb3 Rxb3 47. Nxe6 Nxe6 48. Bxe6+ Kf8 49. Ra1 Rb6 50. Bc8 Nxd5 51. Rxa6 Rb1+ 52. Kf2 Rc1 53. Bg4 Ke7 54. Re6+ Kf7 55. Re1 Rxe1 56. Kxe1 Kf6 57. Kf2 Ke5 58. Kg3 Nf6 59. Bc8 Ke4 60. Kh4 Kf4 0-1

[Event "Quebec op"]
[Site "Montreal CAN"]
[Date "2012.07.22"]
[Round "2"]
[White "Jiang, Louie"]
[Black "Voskanyan, Vahagn"]
[Result "1-0"]
[WhiteElo "2337"]
[BlackElo "2240"]
[PlyCount "109"]
[GameId "2160767909441945"]
[EventDate "2012.07.21"]
[EventType "swiss"]
[EventRounds "9"]
[EventCountry "CAN"]
[SourceTitle "CBM 149 Extra"]
[Source "ChessBase"]
[SourceDate "2012.08.24"]
[SourceVersion "1"]
[SourceVersionDate "2012.08.24"]
[SourceQuality "1"]

1. e4 d5 2. Nc3 dxe4 3. Nxe4 Bf5 4. Ng3 Bg6 5. Nf3 Nd7 6. h4 h6 7. h5 Bh7 8. Bc4 e6 9. d3 Ngf6 10. Qe2 Bd6 11. Bd2 c6 12. Ne4 Nxe4 13. dxe4 Qc7 14. O-O-O Ne5 15. Nxe5 Bxe5 16. Bb4 Bf6 17. Bd6 Qb6 18. Ba3 Qa5 19. f4 Be7 20. Bxe7 Kxe7 21. f5 Rhd8 22. g4 Qe5 23. Qf3 Bg8 24. a4 b6 25. Kb1 f6 26. Bb3 Bf7 27. Rhe1 Rxd1+ 28. Rxd1 Rd8 29. Rxd8 Kxd8 30. Qd3+ Ke7 31. Qc4 Qd6 32. Ka2 Qd7 33. a5 Qd6 34. axb6 axb6 35. Qa6 Qc7 36. Qa3+ c5 37. Qa4 exf5 38. Bxf7 Kxf7 39. exf5 Qb7 40. Qc4+ Kf8 41. b4 cxb4 42. Kb3 Qa7 43. Kxb4 Qa5+ 44. Kb3 Qa7 45. Qd5 Qc7 46. c3 Qf4 47. Qd8+ Kf7 48. Qxb6 Qxg4 49. Qe6+ Kf8 50. c4 Qxh5 51. c5 Qd1+ 52. Kb4 Qd4+ 53. Kb5 Qb2+ 54. Kc6 Qb4 55. Qc8+ 1-0

[Event "Quebec op"]
[Site "Montreal CAN"]
[Date "2012.07.22"]
[Round "2"]
[White "Khashper, Arkady"]
[Black "Zhang, Yuanchen"]
[Result "1/2-1/2"]
[WhiteElo "2113"]
[BlackElo "1987"]
[PlyCount "80"]
[GameId "2160767909441946"]
[EventDate "2012.07.21"]
[EventType "swiss"]
[EventRounds "9"]
[EventCountry "CAN"]
[SourceTitle "hb 2012"]

1. e4 c5 2. Nf3 e6 3. d4 cxd4 4. Nxd4 Nf6 5. Nc3 Nc6 6. Ndb5 Bb4 7. a3 Bxc3+ 8. Nxc3 d5 9. exd5 exd5 10. Bd3 O-O 11. O-O d4 12. Ne2 h6 13. Bf4 Bg4 14. f3 Be6 15. Qe1 Qd7 16. Qf2 Rad8 17. Kh1 Bf5 18. Rad1 Nd5 19. Bc1 Nb6 20. Qg3 Kh8 21. Qh4 Qe7 22. Qf2 Bxd3 23. Rxd3 Qc5 24. Ng3 Ne5 25. Rdd1 Nbc4 26. Nf5 Nc6 27. g4 Rfe8 28. Rd3 N4e5 29. Rb3 Na5 30. Bxh6 gxh6 31. Qh4 Qc6 32. Nxh6 Nxb3 33. Nxf7+ Kg7 34. Nxd8 Rxd8 35. Qxd8 Nxf3 36. Rf2 Nbd2 37. Qe7+ Kg6 38. Kg2 Ng5+ 39. Kg3 Nde4+ 40. Kh4 Nxf2 1/2-1/2

[Event "Quebec op"]
[Site "Montreal CAN"]
[Date "2012.07.22"]
[Round "2"]
[White "Kleinman, Michael"]
[Black "Hansen, Eric"]
[Result "0-1"]
[WhiteElo "2293"]
[BlackElo "2460"]
[PlyCount "82"]
[GameId "2160767909441947"]
[EventDate "2012.07.21"]
[EventType "swiss"]
[EventRounds "9"]
[EventCountry "CAN"]
[SourceTitle "CBM 149 Extra"]
[Source "ChessBase"]
[SourceDate "2012.08.24"]
[SourceVersion "1"]
[SourceVersionDate "2012.08.24"]
[SourceQuality "1"]

1. c4 Nf6 2. Nf3 e6 3. g3 d5 4. Bg2 Be7 5. O-O O-O 6. b3 d4 7. e3 c5 8. exd4 cxd4 9. d3 Nfd7 10. Na3 Nc6 11. Nc2 e5 12. Re1 f6 13. Rb1 a5 14. a3 Re8 15. b4 Nf8 16. Nd2 Ne6 17. c5 axb4 18. axb4 Nc7 19. Na3 Nd5 20. Bxd5+ Qxd5 21. Nb5 Bh3 22. f3 Qd7 23. Nc4 Bd8 24. Nbd6 Rf8 25. Bd2 Be6 26. Re2 Bd5 27. Kg2 Ne7 28. b5 g5 29. Rf2 Nf5 30. Kg1 Bc7 31. Ne4 Qe6 32. g4 Nh4 33. Ncd6 Ra2 34. Be1 Bxd6 35. cxd6 Bxe4 36. fxe4 Rxf2 37. Kxf2 f5 38. gxf5 Nxf5 39. exf5 Qxf5+ 40. Ke2 e4 41. Bg3 Qf3+ 0-1

[Event "Quebec op"]
[Site "Montreal CAN"]
[Date "2012.07.22"]
[Round "2"]
[White "Kraiouchkine, Nikita"]
[Black "Vera, Reynaldo"]
[Result "0-1"]
[WhiteElo "2204"]
[BlackElo "2489"]
[PlyCount "76"]
[GameId "2160767909441948"]
[EventDate "2012.07.21"]
[EventType "swiss"]
[EventRounds "9"]
[EventCountry "CAN"]
[SourceTitle "CBM 149 Extra"]
[Source "ChessBase"]
[SourceDate "2012.08.24"]
[SourceVersion "1"]
[SourceVersionDate "2012.08.24"]
[SourceQuality "1"]

1. e4 c5 2. Nf3 d6 3. d4 cxd4 4. Nxd4 Nf6 5. Nc3 a6 6. Be3 e6 7. f3 b5 8. Qd2 Nbd7 9. g4 h6 10. O-O-O b4 11. Nce2 Qc7 12. h4 d5 13. Bg2 dxe4 14. g5 Nd5 15. f4 Nc5 16. Kb1 Bb7 17. gxh6 O-O-O 18. hxg7 Bxg7 19. Qc1 f5 20. Nb3 Nxe3 21. Qxe3 Na4 22. Nbd4 Qb6 23. Qb3 Nc5 24. Qe3 Bd5 25. Nb3 Na4 26. Qxb6 Nxb6 27. Ned4 Bxb3 28. Nxb3 Na4 29. Rxd8+ Rxd8 30. Bf1 Rd1+ 31. Nc1 Kc7 32. Bg2 Nxb2 33. Rxd1 Nxd1 34. Ne2 Ne3 35. Bh3 Nd5 36. Bf1 a5 37. a3 bxa3 38. Ka2 Ne3 0-1

[Event "Quebec op"]
[Site "Montreal CAN"]
[Date "2012.07.22"]
[Round "2"]
[White "Larochelle, Martial"]
[Black "Auger, Bertrand"]
[Result "1/2-1/2"]
[WhiteElo "2240"]
[BlackElo "1928"]
[PlyCount "64"]
[GameId "2160767909441949"]
[EventDate "2012.07.21"]
[EventType "swiss"]
[EventRounds "9"]
[EventCountry "CAN"]
[SourceTitle "EXT 2022"]
[Source "ChessBase"]
[SourceDate "2021.10.06"]
[SourceVersion "1"]
[SourceVersionDate "2021.10.06"]
[SourceQuality "1"]

1. c4 c5 2. g3 Nc6 3. Bg2 g6 4. Nc3 Bg7 5. Nf3 e6 6. d3 Nge7 7. Bg5 h6 8. Bd2 O-O 9. a3 b6 10. Rb1 Bb7 11. O-O Kh7 12. b4 Rb8 13. bxc5 bxc5 14. Na4 d6 15. Qc2 Qd7 16. e3 Ne5 17. Nxe5 Bxe5 18. f3 Bg7 19. Nc3 Bc6 20. Rxb8 Rxb8 21. Rb1 Rb6 22. Rxb6 axb6 23. Qb3 Qb7 24. Kf2 d5 25. Nb5 dxc4 26. dxc4 Qd7 27. Ke2 h5 28. Nc3 Qb7 29. Nb5 Nf5 30. Qd3 h4 31. Nd6 Nxd6 32. Qxd6 h3 1/2-1/2

[Event "Quebec op"]
[Site "Montreal CAN"]
[Date "2012.07.22"]
[Round "2"]
[White "Leveille, Francois"]
[Black "Qin, Zi Yi (Joey)"]
[Result "1/2-1/2"]
[WhiteElo "2301"]
[BlackElo "2198"]
[PlyCount "53"]
[GameId "2160767909441950"]
[EventDate "2012.07.21"]
[EventType "swiss"]
[EventRounds "9"]
[EventCountry "CAN"]

1. Nf3 Nf6 2. c4 g6 3. Nc3 Bg7 4. g3 O-O 5. Bg2 d6 6. O-O e5 7. d3 Nc6 8. Rb1 a5 9. a3 h6 10. b4 axb4 11. axb4 Be6 12. b5 Ne7 13. Bb2 Qd7 14. c5 Nfd5 15. Nxd5 Bxd5 16. Qc2 Ba2 17. Ra1 Qxb5 18. cxd6 cxd6 19. Bxe5 Bb3 20. Qc7 dxe5 21. Rxa8 Rxa8 22. Qxe7 Re8 23. Qa3 Qa4 24. Qxa4 Bxa4 25. Rb1 b5 26. Nd2 Rc8 27. Bd5 1/2-1/2

[Event "Quebec op"]
[Site "Montreal CAN"]
[Date "2012.07.22"]
[Round "2"]
[White "Lopez Linares, Lizandro"]
[Black "Tessier, Olivier"]
[Result "1-0"]
[WhiteElo "2096"]
[BlackElo "2194"]
[PlyCount "137"]
[GameId "2160767909441951"]
[EventDate "2012.07.21"]
[EventType "swiss"]
[EventRounds "9"]
[EventCountry "CAN"]
[SourceTitle "EXT 2022"]
[Source "ChessBase"]
[SourceDate "2021.10.06"]
[SourceVersion "1"]
[SourceVersionDate "2021.10.06"]
[SourceQuality "1"]

1. d4 Nf6 2. Nf3 c5 3. e3 b6 4. Bd3 Bb7 5. Nbd2 g6 6. O-O Bg7 7. Qe2 O-O 8. c3 d5 9. Ne5 Ne4 10. Rd1 Nd6 11. f4 Nd7 12. Qg4 e6 13. Ndf3 f5 14. Qh3 c4 15. Bc2 Qe7 16. Bd2 Nxe5 17. dxe5 Nf7 18. Nd4 Bc8 19. b3 g5 20. a4 Bd7 21. bxc4 g4 22. Qg3 dxc4 23. Bc1 Rfd8 24. Ba3 Qe8 25. e4 Nh6 26. Bd6 Rac8 27. Qh4 Qg6 28. Be7 Re8 29. exf5 exf5 30. Nb5 Bxb5 31. axb5 Rc7 32. Rd6 Rcxe7 33. Rxg6 hxg6 34. Rd1 Nf7 35. Qf2 Bf8 36. Kf1 Nd8 37. Qd4 Ne6 38. Qxc4 Rc7 39. Qb3 Kg7 40. g3 Bc5 41. Qd5 Ba3 42. c4 Kf7 43. Bxf5 gxf5 44. Qd3 Bc5 45. Qxf5+ Kg8 46. Qg6+ Kf8 47. Qxg4 Nd4 48. Qh5 Rg7 49. g4 Re6 50. h3 Kg8 51. Qh4 Nf3 52. Rd8+ Bf8 53. Qh5 Rf7 54. f5 Nxe5 55. Kg2 Rd6 56. Rxd6 Bxd6 57. Qg5+ Kh7 58. f6 Bc7 59. Qf5+ Kg8 60. Qe6 Ng6 61. Qe8+ Nf8 62. g5 Bd6 63. h4 Bc5 64. h5 Bd6 65. Kh3 Bc5 66. h6 Rh7 67. Kg4 Rf7 68. Kf5 Bd4 69. Qd8 1-0

[Event "Quebec op"]
[Site "Montreal CAN"]
[Date "2012.07.22"]
[Round "2"]
[White "Masse, Hugues"]
[Black "Bojkov, Dejan"]
[Result "1-0"]
[WhiteElo "2232"]
[BlackElo "2556"]
[PlyCount "91"]
[GameId "2160767909441952"]
[EventDate "2012.07.21"]
[EventType "swiss"]
[EventRounds "9"]
[EventCountry "CAN"]
[SourceTitle "CBM 149 Extra"]
[Source "ChessBase"]
[SourceDate "2012.08.24"]
[SourceVersion "1"]
[SourceVersionDate "2012.08.24"]
[SourceQuality "1"]

1. d4 Nf6 2. c4 g6 3. g3 Bg7 4. Bg2 O-O 5. Nc3 d6 6. Nf3 c6 7. O-O Qa5 8. e4 e5 9. h3 Nbd7 10. Re1 exd4 11. Nxd4 Ne5 12. Bf1 c5 13. Nb3 Qd8 14. Be3 Be6 15. Nd2 Nc6 16. Bg2 Nd7 17. Rc1 Nde5 18. Bf1 Nb4 19. Rb1 f5 20. a3 Nbd3 21. f4 Nxe1 22. fxe5 f4 23. gxf4 dxe5 24. f5 gxf5 25. Qxe1 f4 26. Bxc5 Rf6 27. Nd5 Rg6+ 28. Kh2 Bf8 29. Bf2 Qg5 30. Nf3 Qh5 31. Nh4 Rh6 32. Nc7 Rd8 33. Nxe6 Rxe6 34. Be2 Qf7 35. c5 Rc6 36. Qc3 Kh8 37. Nf5 Bg7 38. Rg1 Bf6 39. Nh6 Qf8 40. Rg8+ Qxg8 41. Nxg8 Rxg8 42. Bc4 Rg6 43. b4 Rc7 44. Be6 Rcg7 45. Bg4 Rh6 46. Bf5 1-0

[Event "Quebec op"]
[Site "Montreal CAN"]
[Date "2012.07.22"]
[Round "2"]
[White "Naroditsky, Daniel"]
[Black "So, Wesley"]
[Result "0-1"]
[WhiteElo "2486"]
[BlackElo "2650"]
[PlyCount "102"]
[GameId "2160767909441953"]
[EventDate "2012.07.21"]
[EventType "swiss"]
[EventRounds "9"]
[EventCountry "CAN"]
[SourceTitle "CBM 149 Extra"]
[Source "ChessBase"]
[SourceDate "2012.08.24"]
[SourceVersion "1"]
[SourceVersionDate "2012.08.24"]
[SourceQuality "1"]

1. e4 c6 2. d4 d5 3. Nc3 dxe4 4. Nxe4 Bf5 5. Ng3 Bg6 6. h4 h6 7. Nf3 Nd7 8. h5 Bh7 9. Bd3 Bxd3 10. Qxd3 e6 11. Bd2 Ngf6 12. O-O-O Be7 13. Ne4 Nxe4 14. Qxe4 Nf6 15. Qd3 c5 16. Kb1 cxd4 17. Nxd4 Qd5 18. Be3 O-O 19. c4 Qe4 20. Qxe4 Nxe4 21. f3 Nf6 22. g4 a6 23. Rd3 Rac8 24. b3 Rfe8 25. Bc1 e5 26. Nf5 e4 27. fxe4 Nxe4 28. Bb2 Bf8 29. Re3 Bc5 30. Ree1 f6 31. Bc1 Nf2 32. Rhg1 Ne4 33. Rh1 Bb4 34. Re3 b5 35. cxb5 axb5 36. Bb2 Nd2+ 37. Ka1 Rxe3 38. Nxe3 Ra8 39. Nd5 Nxb3+ 40. Kb1 Nd2+ 41. Kc2 Rc8+ 42. Bc3 Ne4 43. Kb3 Bf8 44. Bb4 Rc4 45. Rg1 Bxb4 46. Nxb4 Nd2+ 47. Ka3 Nf3 48. Rd1 Rxg4 49. Rd8+ Kf7 50. Nc6 Rc4 51. Rd7+ Ke6 0-1

[Event "Quebec op"]
[Site "Montreal CAN"]
[Date "2012.07.22"]
[Round "2"]
[White "Noritsyn, Nikolay"]
[Black "Kovalyov, Anton"]
[Result "1/2-1/2"]
[WhiteElo "2460"]
[BlackElo "2614"]
[PlyCount "275"]
[GameId "2160767909441954"]
[EventDate "2012.07.21"]
[EventType "swiss"]
[EventRounds "9"]
[EventCountry "CAN"]
[SourceTitle "CBM 149 Extra"]
[Source "ChessBase"]
[SourceDate "2012.08.24"]
[SourceVersion "1"]
[SourceVersionDate "2012.08.24"]
[SourceQuality "1"]

1. e4 c5 2. Nf3 d6 3. c3 Nf6 4. h3 Nc6 5. Bd3 d5 6. e5 Nd7 7. Bb5 Qb6 8. Qa4 a6 9. Bxc6 Qxc6 10. Qxc6 bxc6 11. d3 f6 12. Bf4 g5 13. Bg3 h5 14. Nbd2 Rg8 15. exf6 exf6 16. O-O-O a5 17. h4 g4 18. Rhe1+ Kf7 19. Ng1 Rh8 20. c4 Be7 21. Ne2 Ne5 22. Bxe5 fxe5 23. Nc3 Ke6 24. f4 Bf6 25. cxd5+ cxd5 26. Nb3 Rd8 27. fxe5 Bxh4 28. Nxc5+ Kf5 29. Rf1+ Kg6 30. Ne2 Bg5+ 31. Kb1 d4 32. Nf4+ Bxf4 33. Rxf4 Rd5 34. Rf6+ Kg7 35. Ne6+ Bxe6 36. Rxe6 Rf8 37. Rc1 a4 38. a3 Rf5 39. Rc7+ Rf7 40. Rcc6 Rf5 41. Re7+ Rf7 42. Re8 Rb5 43. Rc4 Rf2 44. Rc7+ Kg6 45. Rc2 Rxc2 46. Kxc2 Kf7 47. Rd8 Rxe5 48. Kd1 Rb5 49. Ke1 Rxb2 50. Kf1 Ra2 51. Rxd4 Rxa3 52. Kf2 Ra1 53. Kg3 a3 54. Ra4 a2 55. Kh2 h4 56. g3 h3 57. Ra6 Ke7 58. d4 Rd1 59. Rxa2 Rxd4 60. Rf2 Ke6 61. Re2+ Kd5 62. Re3 Re4 63. Rd3+ Ke5 64. Rd8 Rd4 65. Rg8 Kd5 66. Rg7 Re4 67. Rg8 Kd4 68. Rg7 Ke3 69. Rg8 Kf3 70. Rf8+ Ke2 71. Rg8 Kf1 72. Kh1 Kf2 73. Kh2 Ke3 74. Rg7 Rd4 75. Re7+ Kd3 76. Rg7 Kd2 77. Rg8 Ke2 78. Re8+ Kf3 79. Rf8+ Ke4 80. Kh1 Ke3 81. Ra8 Rd1+ 82. Kh2 Rd2+ 83. Kh1 Re2 84. Rf8 Rf2 85. Ra8 Rd2 86. Rf8 Rg2 87. Re8+ Kd3 88. Re3+ Kd2 89. Rd3+ Ke1 90. Rd1+ Ke2 91. Rd2+ Ke3 92. Rd3+ Kf2 93. Rd2+ Kf3 94. Rd3+ Ke2 95. Rd2+ Ke1 96. Rd1+ Kf2 97. Rd2+ Kxg3 98. Rd3+ Kf2 99. Rd2+ Kf3 100. Rd3+ Kf4 101. Rxh3 Rg3 102. Rh8 Re3 103. Ra8 Kf3 104. Ra1 Kf2 105. Ra2+ Kf1 106. Ra1+ Kf2 107. Ra2+ Kg3 108. Ra1 Re2 109. Kg1 Rg2+ 110. Kh1 Rf2 111. Kg1 Rf3 112. Rb1 Ra3 113. Rc1 Kh3 114. Rb1 Rg3+ 115. Kh1 Rg2 116. Rb3+ Rg3 117. Rb1 Rd3 118. Ra1 Rd2 119. Ra3+ g3 120. Ra1 Rh2+ 121. Kg1 Rc2 122. Rb1 Ra2 123. Rc1 Rb2 124. Ra1 Rb3 125. Rc1 g2 126. Ra1 Rc3 127. Rb1 Rd3 128. Ra1 Re3 129. Rb1 Rf3 130. Ra1 Re3 131. Rb1 Rd3 132. Ra1 Rc3 133. Rb1 Ra3 134. Rc1 Rb3 135. Ra1 Rf3 136. Rb1 Rf1+ 137. Rxf1 gxf1=N 138. Kxf1 1/2-1/2

[Event "Quebec op"]
[Site "Montreal CAN"]
[Date "2012.07.22"]
[Round "2"]
[White "O'Neill, Brendon"]
[Black "Arsenault, Nicolas"]
[Result "0-1"]
[WhiteElo "1496"]
[BlackElo "2106"]
[PlyCount "100"]
[GameId "2160767909441955"]
[EventDate "2012.07.21"]
[EventType "swiss"]
[EventRounds "9"]
[EventCountry "CAN"]
[SourceTitle "EXT 2022"]
[Source "ChessBase"]
[SourceDate "2021.10.06"]
[SourceVersion "1"]
[SourceVersionDate "2021.10.06"]
[SourceQuality "1"]

1. e4 e6 2. d4 d5 3. exd5 exd5 4. Nf3 Nc6 5. Bb5 Bd6 6. O-O Nge7 7. Re1 O-O 8. h3 Bf5 9. Nc3 a6 10. Ba4 Na5 11. Nh4 Be6 12. Ne2 b5 13. Bb3 Nxb3 14. axb3 Nc6 15. Nf3 Qf6 16. Bg5 Qg6 17. Nf4 Bxf4 18. Bxf4 Bxh3 19. Bg3 Bg4 20. c3 Ra7 21. Re3 f5 22. Bf4 Qf6 23. Qe1 Bxf3 24. Rxf3 Kf7 25. Re3 g5 26. Be5 Nxe5 27. Rxe5 c6 28. Qe2 Re7 29. Rxe7+ Qxe7 30. Qxe7+ Kxe7 31. Rxa6 Kd6 32. Ra7 h6 33. f3 f4 34. Kf2 Rf6 35. Ra1 Re6 36. b4 Ke7 37. Re1 Rxe1 38. Kxe1 Ke6 39. Kf2 Kf5 40. g3 fxg3+ 41. Kxg3 h5 42. Kg2 Kf4 43. Kf2 h4 44. Ke2 Kg3 45. Kf1 Kxf3 46. b3 h3 47. Kg1 g4 48. c4 g3 49. Kh1 g2+ 50. Kh2 Kf2 0-1

[Event "Quebec op"]
[Site "Montreal CAN"]
[Date "2012.07.22"]
[Round "2"]
[White "Perez Garcia, Rodney Oscar"]
[Black "Arencibia Rodriguez, Walter"]
[Result "0-1"]
[WhiteElo "2412"]
[BlackElo "2526"]
[PlyCount "150"]
[GameId "2160767909441956"]
[EventDate "2012.07.21"]
[EventType "swiss"]
[EventRounds "9"]
[EventCountry "CAN"]
[SourceTitle "CBM 149 Extra"]
[Source "ChessBase"]
[SourceDate "2012.08.24"]
[SourceVersion "1"]
[SourceVersionDate "2012.08.24"]
[SourceQuality "1"]

1. e4 e5 2. Nf3 Nc6 3. Bc4 Nf6 4. d3 h6 5. O-O d6 6. Nc3 g6 7. d4 Bg4 8. dxe5 dxe5 9. Qxd8+ Rxd8 10. Bb5 Nd7 11. Bxc6 bxc6 12. Be3 a5 13. Nd2 Ra8 14. b3 f6 15. Na4 Bb4 16. f3 Be6 17. Rfd1 Kf7 18. Nc4 h5 19. Rd3 Rhb8 20. Rad1 Ke8 21. h3 Rb5 22. Nc3 Rb7 23. Na4 Be7 24. Kh2 Rb5 25. Ncb2 f5 26. c4 Rbb8 27. exf5 gxf5 28. f4 e4 29. R3d2 Bb4 30. Re2 Rd8 31. Bd2 Bd6 32. Be3 h4 33. Rc2 Bf7 34. Rf1 Bb4 35. Bf2 Be7 36. Nd1 Nf8 37. Ne3 Be6 38. g4 hxg3+ 39. Bxg3 Ng6 40. Ng2 Kf7 41. Nb2 Rh8 42. Nd1 a4 43. Nf2 axb3 44. axb3 Ra5 45. Ne3 Nh4 46. Bxh4 Rxh4 47. Nh1 Bd6 48. Ng2 Rh8 49. Ng3 Rb8 50. Rb1 Ra3 51. Rcb2 Bc5 52. Ne2 Rd8 53. Ne1 Be7 54. Nc2 Raa8 55. Ncd4 Bf6 56. Nxc6 Rd3 57. Rc2 Rg8 58. Rg1 Rxg1 59. Kxg1 Rxb3 60. Kg2 Rf3 61. Ncd4 Bxd4 62. Nxd4 Rxf4 63. Rf2 Rxf2+ 64. Kxf2 Kf6 65. Ne2 Bxc4 66. Nf4 Ke5 67. Ke3 Bf7 68. h4 c5 69. h5 Kf6 70. h6 Bg8 71. Kd2 Ke5 72. Ke3 c4 73. Ng6+ Kf6 74. Nf4 Kg5 75. Nd5 Kxh6 0-1

[Event "Quebec op"]
[Site "Montreal CAN"]
[Date "2012.07.22"]
[Round "2"]
[White "Plante, Michel"]
[Black "Libersan, Thierry"]
[Result "0-1"]
[WhiteElo "2084"]
[BlackElo "2153"]
[PlyCount "154"]
[GameId "2160767909441957"]
[EventDate "2012.07.21"]
[EventType "swiss"]
[EventRounds "9"]
[EventCountry "CAN"]
[SourceTitle "EXT 2022"]
[Source "ChessBase"]
[SourceDate "2021.10.06"]
[SourceVersion "1"]
[SourceVersionDate "2021.10.06"]
[SourceQuality "1"]

1. b3 e5 2. Bb2 d6 3. g3 f5 4. Bg2 Nf6 5. c4 g6 6. d4 e4 7. e3 Nc6 8. a3 d5 9. Ne2 Be6 10. Nd2 Bg7 11. Nf4 Bf7 12. h4 Qe7 13. Qc2 O-O 14. Bf1 Nd8 15. h5 g5 16. h6 Bh8 17. cxd5 Nxd5 18. Nxd5 Bxd5 19. a4 Nc6 20. Bc4 Qe6 21. Ba3 Rf7 22. Rh5 Bf6 23. Rc1 Re8 24. a5 a6 25. Qc3 Rd7 26. Bc5 Kf7 27. Kd1 Kg6 28. Be2 g4 29. Rh2 Bg5 30. Kc2 Rb8 31. Nc4 Bf6 32. Ra1 Rc8 33. Nd2 Ra8 34. Bc4 Na7 35. Ra4 Nb5 36. Qa1 Rc8 37. Rh1 Nd6 38. Qg1 Kf7 39. Qh2 Kg8 40. Kb1 Nf7 41. Rc1 c6 42. Kb2 Ng5 43. Nb1 Qf7 44. Rc2 Ne6 45. Bxd5 Rxd5 46. b4 Rd7 47. Nc3 Nc7 48. Ra1 Re8 49. Nb1 Re6 50. Nd2 Bg5 51. Nc4 Rxh6 52. Qg2 Bf6 53. Nd6 Qe6 54. Nc4 Nd5 55. Ka3 Rg7 56. Rh1 Rgg6 57. Nd6 Qd7 58. Rcc1 Nc7 59. Rxh6 Rxh6 60. Ka4 Nb5 61. Nc4 Qd5 62. Rc2 Kg7 63. Qg1 Rh3 64. Qe1 Qf7 65. Ne5 Qd5 66. Nxg4 Qe6 67. Nxf6 Kxf6 68. Qa1 Qd5 69. Bb6 Kg6 70. Rc5 Rh1 71. Qb2 Qf7 72. Bd8 Rd1 73. g4 Rd3 74. gxf5+ Kh6 75. f6 Qd7 76. Be7 Qg4 77. f7 Qd1+ 0-1

[Event "Quebec op"]
[Site "Montreal CAN"]
[Date "2012.07.22"]
[Round "2"]
[White "Ramaswamy, Kiran"]
[Black "Sprumont, Oscar"]
[Result "1-0"]
[WhiteElo "2037"]
[BlackElo "1857"]
[PlyCount "111"]
[GameId "2160767909441958"]
[EventDate "2012.07.21"]
[EventType "swiss"]
[EventRounds "9"]
[EventCountry "CAN"]
[SourceTitle "hb 2012"]

1. c4 e5 2. g3 Nc6 3. Bg2 d6 4. e4 f5 5. Ne2 Nf6 6. Nbc3 g6 7. O-O Bg7 8. d4 Nxd4 9. Nxd4 exd4 10. Qxd4 fxe4 11. Nxe4 O-O 12. Bg5 Kh8 13. Nxf6 Bxf6 14. Bxf6+ Qxf6 15. Qxf6+ Rxf6 16. Rae1 Be6 17. b3 c6 18. Re3 d5 19. Rfe1 Bg8 20. cxd5 cxd5 21. Re7 Rc6 22. Rxb7 Rc2 23. a4 Rb2 24. Rd7 Rxb3 25. Bxd5 Bxd5 26. Rxd5 Rb7 27. Red1 Rc8 28. h4 Kg8 29. a5 Kh8 30. Rd7 Rcc7 31. Rd8+ Kg7 32. a6 Rb2 33. R8d7+ Rxd7 34. Rxd7+ Kh6 35. Rxa7 Ra2 36. Kg2 Ra3 37. Kh3 Ra2 38. Kg2 Ra3 39. g4 g5 40. hxg5+ Kxg5 41. Rxh7 Kxg4 42. f3+ Kf4 43. Rf7+ Kg5 44. a7 Kg6 45. Rb7 Kf5 46. Kf2 Kf4 47. Rf7+ Ke5 48. Ke2 Ke6 49. Rh7 Kd6 50. Kd2 Kc5 51. f4 Ra2+ 52. Kd3 Kd5 53. f5 Ra3+ 54. Kc2 Kd6 55. f6 Ke6 56. f7 1-0

[Event "Quebec op"]
[Site "Montreal CAN"]
[Date "2012.07.22"]
[Round "2"]
[White "Rondon, Luciano"]
[Black "Gagnon, Serge"]
[Result "1-0"]
[WhiteElo "1844"]
[BlackElo "2027"]
[PlyCount "51"]
[GameId "2160767909441959"]
[EventDate "2012.07.21"]
[EventType "swiss"]
[EventRounds "9"]
[EventCountry "CAN"]
[SourceTitle "EXT 2022"]
[Source "ChessBase"]
[SourceDate "2021.10.06"]
[SourceVersion "1"]
[SourceVersionDate "2021.10.06"]
[SourceQuality "1"]

1. d4 d6 2. Nf3 g6 3. c4 Bg7 4. Nc3 Nc6 5. g3 e5 6. d5 Nce7 7. e4 f5 8. Bg2 Nf6 9. O-O O-O 10. Ng5 c6 11. dxc6 bxc6 12. Qe2 h6 13. Nf3 Qc7 14. c5 fxe4 15. cxd6 exf3 16. Qc4+ Kh7 17. dxc7 fxg2 18. Kxg2 Nfd5 19. Qc5 Ba6 20. Rd1 Rf7 21. Be3 Rc8 22. Qxa7 Nxc3 23. bxc3 Be2 24. Rd8 Bf3+ 25. Kg1 Rf8 26. Bc5 1-0

[Event "Quebec op"]
[Site "Montreal CAN"]
[Date "2012.07.22"]
[Round "2"]
[White "Rozentalis, Eduardas"]
[Black "Berube, Antoine"]
[Result "1/2-1/2"]
[WhiteElo "2600"]
[BlackElo "2152"]
[PlyCount "121"]
[GameId "2160767909441960"]
[EventDate "2012.07.21"]
[EventType "swiss"]
[EventRounds "9"]
[EventCountry "CAN"]
[SourceTitle "CBM 149 Extra"]
[Source "ChessBase"]
[SourceDate "2012.08.24"]
[SourceVersion "1"]
[SourceVersionDate "2012.08.24"]
[SourceQuality "1"]

1. e4 c5 2. Nf3 d6 3. d4 cxd4 4. Qxd4 Nc6 5. Bb5 Bd7 6. Bxc6 Bxc6 7. c4 f5 8. exf5 Qa5+ 9. Nbd2 Qxf5 10. O-O e5 11. Qe3 Nf6 12. Nd4 Qd7 13. f4 Be7 14. fxe5 Ng4 15. Qe2 Nxe5 16. Nxc6 Qxc6 17. b3 O-O-O 18. Bb2 Rhe8 19. Ne4 Bf8 20. Bxe5 Rxe5 21. Qg4+ Qd7 22. Qxd7+ Kxd7 23. Nc3 Ke6 24. Rad1 Be7 25. Nb5 Bf6 26. Nxa7 Ra8 27. Nb5 Rxa2 28. Rf2 Rxf2 29. Kxf2 Rf5+ 30. Ke2 Be5 31. h3 Rg5 32. g4 h5 33. Kf3 Rg6 34. Nc7+ Kd7 35. Nd5 hxg4+ 36. hxg4 Rh6 37. Ke4 Rh3 38. Rd3 Rxd3 39. Kxd3 Kc6 40. Ke4 Kc5 41. g5 b5 42. cxb5 Kxb5 43. Nf4 Kc6 44. g6 Bc3 45. Kf5 Kd7 46. Nd5 Bd4 47. b4 Kc6 48. Ke6 Be5 49. Ne7+ Kb5 50. Kd5 Bf4 51. Nf5 Kxb4 52. Nxg7 Be5 53. Ne8 Bh8 54. Nxd6 Kc3 55. Ke4 Kb4 56. Nf7 Bg7 57. Kd5 Kc3 58. Ne5 Kd2 59. Nc4+ Kc3 60. Nd6 Bh8 61. Nf5 1/2-1/2